000 01105naa a22003137a 4500
001 BR8900184
003 BR-BrBNA
005 20240918180356.0
007 ta
008 230509b bl.||||| |||| 00| 0 por d
040 _aBR-BrBNA
_bpor
_cBiblioteca Nacional de Agricultura
041 _a(Pt)
072 _aQ03
090 _aQ03 BR8900184
100 1 _aSilva, S.D.
100 1 _aPregnolatto, W.
100 1 _aSouza, G. de
100 1 _aVainer, E.K.
100 1 _aVieira, R.
245 1 _aControle de qualidade: estabelecimento e exigencias para exportacao
260 3 _aRecife, PE (Brasil):
_c1974.
500 _aSeminario sobre Tecnologia de Alimentos. Conclusoes e recomendacoes (Informe preliminar) Recife, PE (Brasil): 1974. p. 18-22 (BR8900184-AM)Q03
650 _aINDUSTRIA ALIMENTICIA
650 _aCONTROLE DE QUALIDADE
650 _aHIGIENE DE ALIMENTO
773 0 _tSeminario sobre Tecnologia de Alimentos. Conclusoes e recomendacoes (Informe preliminar)
_wQ03 BR8900184
_gRecife, PE (Brasil), 1974. p. 18-22
909 _a202404
_bLucia
_c55
_dLucia Elande
942 _cAM
_2AGRIS
999 _c320043
_d320043